Dislocating masculinity : comparative ethnographies

Αποθηκεύτηκε σε:
Λεπτομέρειες βιβλιογραφικής εγγραφής
Άλλοι συγγραφείς: Cornwall, Andrea 1963- (Επιμελητής έκδοσης), Lindisfarne, Nancy 1944- (Επιμελητής έκδοσης)
Μορφή: Βιβλίο
Γλώσσα:English
Δημοσίευση: London : Routledge, 1994
Σειρά:Male orders
Θέματα:
Ετικέτες: Προσθήκη ετικέτας
Δεν υπάρχουν, Καταχωρήστε ετικέτα πρώτοι!

MARC

LEADER 00000nam a2200000 i 4500
001 1/75141
008 080220s1994 eng d
020 |a 0-415-07942-X 
035 |l 10094843 
040 |a GR-MY-UA  |b gre  |e aacr 
041 0 |a eng 
082 0 |a 305.31  |2 (22) 
245 1 0 |a Dislocating masculinity :  |b comparative ethnographies /  |c edited by Andrea Cornwall and Nancy Lindisfarne 
260 |a London :   |b Routledge,   |c 1994 
300 |a x, 236 σ.;  |c 24 εκ. 
490 1 |a Male orders 
504 |a Βιβλιογραφία: σ. 214-230 
504 |a Ευρετήριο: σ. 231-236 
650 0 0 |a Men  |x Psychology  |x Cross-cultural studies. 
650 0 0 |a Masculinity  |x Cross-cultural studies. 
650 0 0 |a Feminist criticism. 
700 1 |a Cornwall, Andrea  |d 1963-  |4 edt 
700 1 |a Lindisfarne, Nancy  |d 1944-  |4 edt 
830 0 |a Male orders 
852 |a INST  |b LESVOS  |e 20080220  |h 305.31 DIS  |p 005100040156  |q 005100040156  |t BK  |y 0 
901 |a BIBL1-2008-1 
909 |a Λ  |b 145808 
922 |a 1ΕΛΗ  |b 200802  |c ΕΠΕΑΕΚ2/ΤΚΑ  |d ΠΑΠΑΣΩΤΗΡΙΟΥ 
970 |a ΚΑΡΑ  |b ΓΙΑΣΕΜΗ  |z 2008/02/20